000 00628nam a2200229Ia 4500
005 20260115174123.0
008 008 260114s9999 xx 000 0 eng d
020 _a9781139002455
037 _aEBOOK
040 _aCRL
_beng
_cCRL
041 _aeng
_2eng
084 _qCRL
100 _aSugimoto
_9896663
245 4 _aThe Cambridge Companion to Modern Japanese Culture
260 _bCambridge University Press
260 _bCambridge University Press
260 _c2010
650 _aLiterature
_9896664
856 _uhttps://doi.org/10.1017/CCOL9780521880473
942 _cEBOOK
999 _c1490036
_d1490036